000 00324nam a22001337a 4500
003 LK-CoDNM
005 20240820120751.0
008 240820b |||||||| |||| 00| 0 eng d
040 _aLK-CoDNM
_dLK-CoDNM
_eLK-CoDNM
080 _a7
_bC6
245 _aASIATICK RESEARCHES
300 _aVI, 597P. : ILL ; 22 CM
942 _cBK
999 _c148372
_d148372